LEADER 00917nam0-2200325---450- 001 990008164360403321 005 20070305134724.0 010 $a88-464-1040-8 020 $aIT$b99-1743 035 $a000816436 035 $aFED01000816436 035 $a(Aleph)000816436FED01 035 $a000816436 100 $a20050715d1998----km-y0itay50------ba 101 0 $aita 102 $aIT 105 $ay---n----00yy 200 1 $aDisagio psichico e riabilitazione$etra servizio pubblico e privato sociale$fa cura di Giuseppe Milanese 210 $aMilano$cF. Angeli$d[1998] 215 $a168 p.$d22 cm 225 1 $aIREF. 1, Formazione 676 $a362.20425$v20$zita 702 1$aMilanese,$bGiuseppe 801 0$aIT$bUNINA$gRICA$2UNIMARC 901 $aBK 912 $a990008164360403321 952 $aVI B 853$b5462$fDDA 959 $aDDA 996 $aDisagio psichico e riabilitazione$9736938 997 $aUNINA LEADER 01043nam0-22003371i-450 001 990007854870403321 005 20220407144407.0 010 $a88-7088-403-1 035 $a000785487 035 $aFED01000785487 035 $a(Aleph)000785487FED01 035 $a000785487 100 $a20040205d2001----km-y0itay50------ba 101 0 $aita$aeng$afre 102 $aIT 105 $ay---a---101yy 200 1 $aAntichi e moderni nella filosofia di età imperiale$eatti del 2. Colloquio internazionale, Roma, 21-23 settembre 2000$fa cura di Aldo Brancacci 210 $aNapoli$cBibliopolis$d2001 215 $a390 p.$d23 cm 225 $aElenchos$v34 225 1 $a<>filosofia in età imperiale$v2 610 0 $aFilosofia antica 676 $a180$v21$zita 702 1$aBrancacci,$bAldo 801 0$aIT$bUNINA$gRICA$2UNIMARC 901 $aBK 912 $a990007854870403321 952 $a180 ELEN 034$bBibl. 48455$fFLFBC 959 $aFLFBC 996 $aAntichi e moderni nella filosofia di età imperiale$9670977 997 $aUNINA